| 000 | 00627nam a22002057a 4500 | ||
|---|---|---|---|
| 005 | 20170124105911.0 | ||
| 010 | _aB-034976 | ||
| 020 |
_a8187818004 _c495.00 |
||
| 035 | _aB-034976 | ||
| 037 | _bCen Lib / Ret | ||
| 040 |
_aDPL _bEN |
||
| 082 |
_a330.3 _bENC |
||
| 245 |
_aEncyclopaedia of economics / _cedited by Deepak Jain |
||
| 260 |
_a Delhi _bLakshay Publications _c2001 |
||
| 270 |
_aWP-474, 1st Floor, Shiv Market, Ashok Vihar _bNew Delhi _e110052 |
||
| 300 |
_a 288p. _c19cm (Hb) |
||
| 650 |
_aEconomics _vEncyclopaedia _910244 |
||
| 700 |
_aJain, Deepak _910246 |
||
| 942 |
_2ddc _cEN _h330.3 _mENC |
||
| 999 |
_c122497 _d122497 |
||